000 00950aaa a2200193 a 4500
003 BD-RjUL
005 20230111125232.0
008 230111s1954 le ||||| |||| 00| 0 ara d
035 _a(BD-RjUL)
040 _aBD-RjUL
_beng
_cBD-RjUL
041 _aara
082 _223
100 _aAbu Shakra, Hussein Ghadban, أبو شقرا، حسين غضبان
_96525
245 1 4 _aالحركات في لبنان إلى عهد المتصرفية : وهي شهادة درزية صريحة alharakat fi lubnan 'iilaa eahd almutasarifiat : wahi shahadat durziat sariha . /
_cHussein Ghadban Abu Shaqra, Youssef Khattar Abu Shaqra, Aref Abu Shaqra حسين غضبان ابو شقرا, ، يوسف خطار ابو شقرا عارف أبو شقرا
260 _aLebanon :
_bN/A
_c1223
700 _aAbu Shakra, Youssef Khattar, أبو شقرا، يوسف خطار
_96526
700 _a Abu Shakra, Aref أبو شقرا، عارف
_96527
942 _2ddc
_cBK
999 _c81049
_d81049